000 00610nam a22002297a 4500
003 UA-OsUOA
001 48489
007 ta
008 20070906b un ||||| |||| 00| 0 ukr d
100 _aСимоненко І.П.
090 _a821.161.2
_bС37
942 _cBK
040 _aUA-OsUOA
_brus
_cUA-OsUOA
_dUA-OsUOA
245 _aНові часи - нові герої
300 _a222 с.
955 _a3
041 _arus
080 _a821.161.2
260 _aК.
_bНаукова думка
_c1970
650 7 _a82 Література. Літературознавство
_2UDC
999 _c334605
_d334605